000 00745nam a2200205Ii 4500
003 JO-AjNU
008 230605s9999||||xx |||||||||||||| ||und||
017 _a1989/756
040 _aJO-AjNU
_bara
_erda
_cJO-AjNU
041 _aara
050 1 4 _aNA680.B35 1989
100 3 _aبانهام، رينر تأليف ؛ مهدي، سعاد مترجم ,
_eauthor
_939325
245 0 0 _aعصر أساطين العمارة:وجهة نظر خاصة في العمارة الحديثة
264 3 1 _aبغداد:دار المأمون للترجمة والنشر،1991
300 _a259ص
336 _atext
_btxt
_2rdacontent
337 _aunmediated
_bn
_2rdamedia
338 _avolume
_bnc
_2rdacarrier
650 4 _aالعمارة الحديثة
_939326
999 _aA16599
_c20167
_d20167